[Event "Moscow op-E"]
[Site "Moscow"]
[Date "2011.01.29"]
[Round "1.217"]
[White "Dugin, Andrey"]
[Black "Bobrov, Yury"]
[Result "0-1"]
[WhiteElo "1728"]
[BlackElo "2156"]
[PlyCount "78"]
[EventDate "2011.01.29"]
[EventType "swiss"]
[EventRounds "9"]
[EventCountry "RUS"]
[SourceTitle "EXT 2022"]
[Source "ChessBase"]
[SourceDate "2021.10.06"]
[SourceVersion "1"]
[SourceVersionDate "2021.10.06"]
[SourceQuality "1"]

1. e4 e5 2. Nf3 d6 3. Nc3 c6 4. d4 Qc7 5. Bc4 h6 6. Be3 Nf6 7. h3 Be7 8. Qd2 b5 9. Bd3 a6 10. b4 Nbd7 11. a3 Bb7 12. a4 Rc8 13. a5 c5 14. bxc5 exd4 15. Nxd4 Nxc5 16. Nf5 Nxd3+ 17. Qxd3 Qxc3+ 18. Qxc3 Rxc3 19. Nxg7+ Kf8 20. Nf5 Bxe4 21. Bxh6+ Ke8 22. Bg7 Bxf5 23. Bxh8 Rxc2 24. Rd1 Ne4 25. Bd4 Ra2 26. h4 Rxa5 27. h5 b4 28. h6 Bh7 29. g4 Ng5 30. Be3 Re5 31. Kf1 a5 32. Bxg5 Rxg5 33. f3 b3 34. Rh2 a4 35. Ra1 Ra5 36. f4 a3 37. f5 Bf6 38. Re1+ Re5 39. Rxe5+ Bxe5 0-1

[Event "RSSU-18 op"]
[Site "Moscow"]
[Date "2009.10.17"]
[Round "1"]
[White "Bazyuk, Andrey"]
[Black "Bobrov, Yury"]
[Result "0-1"]
[WhiteElo "1817"]
[BlackElo "2160"]
[PlyCount "142"]
[EventDate "2009.10.17"]
[EventType "swiss"]
[EventRounds "9"]
[EventCountry "RUS"]
[SourceTitle "EXT 2022"]
[Source "ChessBase"]
[SourceDate "2021.10.06"]
[SourceVersion "1"]
[SourceVersionDate "2021.10.06"]
[SourceQuality "1"]

1. e4 e5 2. Nf3 Qe7 3. Bc4 c6 4. 0-0 d6 5. c3 Be6 6. Bxe6 Qxe6 7. d4 Be7 8. d5 Qd7 9. c4 Nf6 10. Nc3 0-0 11. Bg5 c5 12. Nd2 h6 13. Bxf6 Bxf6 14. a3 Na6 15. Rb1 Bg5 16. Qe2 Rac8 17. Nf3 Be7 18. Rfc1 f5 19. b4 b6 20. b5 Nc7 21. a4 Ne8 22. a5 Nf6 23. Ra1 Rf7 24. axb6 axb6 25. Ra6 Rb8 26. Rca1 Rb7 27. Nd2 g6 28. f3 Nh5 29. g3 Rg7 30. Nf1 Nf6 31. Ra8+ Kh7 32. R1a6 Ne8 33. Ra3 Nc7 34. R8a7 Qc8 35. Qa2 Rb8 36. Ne3 f4 37. Ng4 h5 38. Nf2 fxg3 39. hxg3 Bg5 40. Ne2 Bh6 41. Kg2 Qd8 42. Qc2 Qf6 43. Ra1 Rf7 44. R7a3 Rbf8 45. Qd3 Kg8 46. Rh1 Ne8 47. g4 Ng7 48. Ng3 Bf4 49. Ne2 Bg5 50. Rh3 Bh4 51. Ng3 Bxg3 52. Rxg3 h4 53. Rh3 g5 54. Rh1 Qf4 55. Rh3 Ne8 56. Qe3 Qxe3 57. Rxe3 Ra7 58. Rh1 Ra4 59. Rc1 Nf6 60. Nh3 Nh7 61. Nf2 Rfa8 62. Rec3 Kf7 63. Nd1 Nf8 64. Ne3 Ng6 65. Nf5 Nf4+ 66. Kh2 Ne2 67. Nxd6+ Kf6 68. Nf5 Nxc1 69. Rxc1 Ra2+ 70. Kh3 Rf2 71. Rc3 Raa2 0-1

[Event "Moscow op-B"]
[Site "Moscow"]
[Date "2009.02.04"]
[Round "5"]
[White "Bobrov, Yury"]
[Black "Birjukov, Sergey"]
[Result "1-0"]
[WhiteElo "2169"]
[BlackElo "2287"]
[PlyCount "147"]
[EventDate "2009.01.31"]
[EventType "swiss"]
[EventRounds "9"]
[EventCountry "RUS"]
[SourceTitle "EXT 2012"]
[Source "ChessBase"]
[SourceDate "2011.11.24"]
[SourceVersion "1"]
[SourceVersionDate "2011.11.24"]
[SourceQuality "1"]

1. e4 e6 2. d4 d5 3. Nc3 Nf6 4. Bg5 Be7 5. e5 Ne4 6. Bxe7 Qxe7 7. Nge2 b6 8. f3 Nxc3 9. Nxc3 0-0 10. Be2 c5 11. Nb5 cxd4 12. 0-0 Nc6 13. f4 f6 14. Nxd4 Qc5 15. c3 fxe5 16. fxe5 Rxf1+ 17. Bxf1 Nxe5 18. Qh5 Ng6 19. Kh1 e5 20. Nf3 Qd6 21. Re1 e4 22. Nd4 Qe5 23. Qd1 Bb7 24. Qa4 a6 25. Qb3 b5 26. a4 Qf4 27. axb5 Qf2 28. Rb1 Rf8 29. Qd1 axb5 30. Qe2 b4 31. Qxf2 Rxf2 32. Kg1 e3 33. cxb4 Rf4 34. Rd1 Ne5 35. b5 Nc4 36. Bxc4 dxc4 37. Nc6 h5 38. Rf1 Re4 39. Re1 h4 40. Re2 g5 41. Kf1 Bc8 42. Ke1 Bd7 43. Rc2 Kg7 44. Na7 Be6 45. b6 Bd5 46. Nb5 h3 47. g3 Re7 48. Nc7 Bf3 49. Rc3 Kf6 50. b3 cxb3 51. Rxb3 g4 52. Rd3 Kf5 53. Nb5 Ke4 54. Rd4+ Ke5 55. Rd3 Ke4 56. Rd8 Ke5 57. Nc7 e2 58. Re8 Rxe8 59. Nxe8 Ke6 60. Ng7+ Kf6 61. Nh5+ Ke5 62. Nf4 Kd6 63. Nxe2 Kc5 64. Kf2 Kxb6 65. Nd4 Bd1 66. Ke3 Kc5 67. Nf5 Kd5 68. Kf4 Ke6 69. Ne3 Be2 70. Nxg4 Bf1 71. Kg5 Kf7 72. Nf2 Kg7 73. Kh4 Bb5 74. Nxh3 1-0

[Event "Moscow op-B"]
[Site "Moscow"]
[Date "2009.02.03"]
[Round "4"]
[White "Pokhlebin, Sergej"]
[Black "Bobrov, Yury"]
[Result "0-1"]
[WhiteElo "1999"]
[BlackElo "2169"]
[PlyCount "118"]
[EventDate "2009.01.31"]
[EventType "swiss"]
[EventRounds "9"]
[EventCountry "RUS"]
[SourceTitle "EXT 2012"]
[Source "ChessBase"]
[SourceDate "2011.11.24"]
[SourceVersion "1"]
[SourceVersionDate "2011.11.24"]
[SourceQuality "1"]

1. e4 e5 2. Nf3 Nc6 3. Bb5 a6 4. Ba4 d6 5. c3 Bd7 6. d4 Nf6 7. d5 Nb8 8. Bxd7+ Nbxd7 9. Nbd2 Be7 10. 0-0 0-0 11. Re1 h6 12. b4 Nh7 13. Qc2 Re8 14. c4 a5 15. Ba3 b6 16. Nf1 g6 17. Bc1 Bf8 18. b5 Bg7 19. g4 Rf8 20. Ng3 Nc5 21. Be3 Qd7 22. h3 h5 23. Kg2 hxg4 24. hxg4 Qxg4 25. Rh1 Qd7 26. Rag1 Rfe8 27. Kf1 Nf6 28. Nf5 Ncxe4 29. Nxg7 Kxg7 30. Bh6+ Kg8 31. Qc1 Ng4 32. Rh4 f5 33. Ng5 Nexf2 34. Ne6 Rxe6 35. dxe6 Qxe6 36. Rg2 Ne4 37. Qc2 Qf6 38. Rh3 Re8 39. Qd3 Qf7 40. Kg1 Re7 41. Rh4 Nef6 42. Bg5 e4 43. Qh3 Qg7 44. Rhxg4 fxg4 45. Qc3 Re5 46. Qe3 Rf5 47. Rh2 Nh5 48. Rg2 Qa1+ 49. Qc1 Qxc1+ 50. Bxc1 g3 51. Re2 Re5 52. Bb2 Re6 53. Bc1 Kf7 54. Bg5 Re5 55. Bd2 g5 56. Be1 e3 57. Kf1 Re4 58. Rg2 Rxc4 59. Bxg3 Nf4 0-1

[Event "Moscow op-B"]
[Site "Moscow"]
[Date "2009.02.01"]
[Round "3"]
[White "Bobrov, Yury"]
[Black "Harutyunian, Tigran K"]
[Result "1-0"]
[WhiteElo "2169"]
[BlackElo "1980"]
[PlyCount "91"]
[EventDate "2009.01.31"]
[EventType "swiss"]
[EventRounds "9"]
[EventCountry "RUS"]
[SourceTitle "EXT 2012"]
[Source "ChessBase"]
[SourceDate "2011.11.24"]
[SourceVersion "1"]
[SourceVersionDate "2011.11.24"]
[SourceQuality "1"]

1. e4 c5 2. f4 Nc6 3. Nf3 d6 4. c3 Bg4 5. Be2 g6 6. 0-0 Bg7 7. d3 e6 8. Nbd2 Nge7 9. h3 Bxf3 10. Nxf3 0-0 11. Be3 Rb8 12. Qd2 b5 13. a3 a5 14. a4 b4 15. Rab1 d5 16. Bxc5 dxe4 17. Ng5 exd3 18. Bf3 bxc3 19. bxc3 Re8 20. Rb5 Qc7 21. Qxd3 Na7 22. Bd6 Qd7 23. Rxb8 Rxb8 24. Rd1 Rd8 25. Qa6 Nd5 26. Bc5 Nc6 27. c4 Ndb4 28. Qb6 Qc8 29. Rxd8+ Qxd8 30. Qb7 Bd4+ 31. Kh1 Qe8 32. Ne4 Bg7 33. Nd6 Qb8 34. Qxf7+ Kh8 35. Qxe6 Nd4 36. Nf7+ Kg8 37. Bxd4 Bxd4 38. Ne5+ Kg7 39. Qe7+ Kg8 40. Bg4 Bxe5 41. Be6+ Kh8 42. fxe5 Nd5 43. Bxd5 Qb1+ 44. Kh2 Qf1 45. Qf6+ Qxf6 46. exf6 1-0

[Event "Moscow Bronstein Memorial op"]
[Site "Moscow"]
[Date "2007.03.??"]
[Round "4"]
[White "Mishin, Anatoly Valentinovi"]
[Black "Bobrov, Yury"]
[Result "0-1"]
[WhiteElo "2035"]
[BlackElo "2206"]
[PlyCount "72"]
[EventDate "2007.02.28"]
[EventType "swiss"]
[EventRounds "7"]
[EventCountry "RUS"]
[SourceTitle "EXT 2022"]
[Source "ChessBase"]
[SourceDate "2021.10.06"]
[SourceVersion "1"]
[SourceVersionDate "2021.10.06"]
[SourceQuality "1"]

1. f4 f5 2. Nf3 Nf6 3. b3 b6 4. Bb2 Bb7 5. e3 g6 6. a4 Bg7 7. Be2 0-0 8. 0-0 Nc6 9. Qe1 e6 10. Na3 Ne7 11. Qh4 h6 12. Rae1 a6 13. Ne5 d6 14. Nd3 Ne4 15. Bxg7 Kxg7 16. Rd1 g5 17. Qe1 Ng6 18. Bf3 g4 19. Bxe4 Bxe4 20. Nc1 Nh4 21. g3 Nf3+ 22. Rxf3 Bxf3 23. Ne2 Qf6 24. Rb1 e5 25. Qf2 Rfb8 26. Nc4 b5 27. Nb2 c5 28. d3 Rb7 29. h4 Rc8 30. Qe1 c4 31. axb5 cxd3 32. bxa6 Rbc7 33. cxd3 Rc2 34. fxe5 dxe5 35. Nc1 Rg2+ 36. Kf1 Rcc2 0-1

[Event "Moscow-ch"]
[Site "Moscow"]
[Date "2001.??.??"]
[Round "8"]
[White "Bobrov, Yury"]
[Black "Ulko, Jaroslav"]
[Result "0-1"]
[WhiteElo "2270"]
[BlackElo "2473"]
[PlyCount "132"]
[EventDate "2001.??.??"]
[EventType "swiss"]
[EventRounds "9"]
[EventCountry "RUS"]
[SourceTitle "EXT 2002"]
[Source "ChessBase"]
[SourceDate "2001.11.25"]
[SourceVersion "1"]
[SourceVersionDate "2001.11.25"]
[SourceQuality "1"]

1. e4 c5 2. Nc3 e6 3. g3 d5 4. d3 d4 5. Nce2 Nc6 6. Bg2 e5 7. Nf3 Bd6 8. 0-0 Nge7 9. Nh4 0-0 10. f4 exf4 11. Bxf4 Ne5 12. Nf5 Nxf5 13. exf5 Ng4 14. Be4 Re8 15. Qd2 Nf6 16. Bg2 Qb6 17. Rae1 Bd7 18. h3 Bxf4 19. Nxf4 Bxf5 20. g4 Be6 21. g5 Nd7 22. Nxe6 fxe6 23. Qf4 Rf8 24. Qe4 Rxf1+ 25. Rxf1 Rf8 26. Re1 Rf5 27. Qxe6+ Qxe6 28. Rxe6 Kf7 29. Rd6 Ke7 30. Rd5 Ke6 31. Rxf5 Kxf5 32. Bxb7 Kxg5 33. Kf2 Kf4 34. c3 Ke5 35. Ke2 Nf6 36. a3 Nh5 37. Bc8 Nf4+ 38. Kd2 g5 39. b4 dxc3+ 40. Kxc3 Nd5+ 41. Kb3 cxb4 42. axb4 Kd4 43. Bf5 h6 44. b5 Kc5 45. Bd7 h5 46. Be8 h4 47. Bd7 Kd4 48. Bf5 Ne7 49. Be4 Nc8 50. Kb4 Nd6 51. Bc6 Kxd3 52. Ka5 Ne4 53. Bd7 Nc5 54. Bg4 Kd4 55. Bc8 Kd5 56. Bg4 Kd6 57. Bf5 Kc7 58. Kb4 Nb7 59. Bg4 Kb6 60. Bf5 Nd6 61. Bd3 Nf7 62. Bf1 Ne5 63. Be2 g4 64. hxg4 h3 65. Bf1 h2 66. Bg2 Nxg4 0-1

[Event "RUS-Cup02"]
[Site "Moscow"]
[Date "1998.??.??"]
[Round "1"]
[White "Motylev, Alexander"]
[Black "Bobrov, Yury"]
[Result "1-0"]
[WhiteElo "2455"]
[BlackElo "2205"]
[PlyCount "83"]
[EventDate "1998.01.21"]
[EventType "swiss"]
[EventRounds "9"]
[EventCountry "RUS"]
[SourceTitle "EXT 1999"]
[Source "ChessBase"]
[SourceDate "1998.11.16"]
[SourceVersion "1"]
[SourceVersionDate "1998.11.16"]
[SourceQuality "1"]

1. e4 Nf6 2. e5 Ng8 3. Nf3 g6 4. d4 d5 5. Bf4 c6 6. h3 b5 7. Nbd2 a5 8. a4 b4 9. c4 bxc3 10. bxc3 Na6 11. Bd3 Nc7 12. 0-0 Ne6 13. Be3 f5 14. Nb3 Nh6 15. c4 Bg7 16. Qc1 f4 17. Bxf4 Nxf4 18. Qxf4 Nf7 19. cxd5 0-0 20. Qg3 Qxd5 21. Nfd2 Ba6 22. Be4 Qd7 23. Rfc1 Rac8 24. Qc3 Ng5 25. Bxc6 Qf5 26. Qg3 Rcd8 27. Nc4 Bh6 28. Ne3 Qf7 29. Nc5 Bc8 30. d5 Bxh3 31. Rf1 Bf5 32. Qh4 Qg7 33. f4 Nh3+ 34. gxh3 g5 35. Nxf5 Rxf5 36. Qg4 Qg6 37. Ne6 Rb8 38. fxg5 Rxf1+ 39. Rxf1 Bg7 40. Qf5 Qh5 41. d6 exd6 42. exd6 1-0